000 00477nam a2200145Ia 4500
008 230917s9999||||xx |||||||||||||| ||und||
040 _e16986
_aMAIN
041 _aEnglish
082 _a330.1543 I8F
100 _aIntriligator, Michael D. ed.
245 0 _aFrontiers of quantitative economics: Papers invited for presentation at the econometric society third world congress,Toronto,1975
260 _aAmsterdam
_bNorth-Holland
_c1975
300 _axiii, 383 p.
942 _cBK
999 _c208893
_d208893